Catalog

Record Details

Catalog Search



Bergen-Belsen : vom "Aufenthaltslager" zum Konzentrationslager 1943 - 1945  Cover Image Book Book

Bergen-Belsen : vom "Aufenthaltslager" zum Konzentrationslager 1943 - 1945 / Eberhard Kolb

Kolb, Eberhard (Author).

Record details

  • Physical Description: 105 S., [6] Bl. : Ill., graph. Darst., Kt.
  • Edition: 3., durchges. Aufl., Sonderausg. für die Niedersächs. Landeszentrale für Polit. Bildung
  • Publisher: Göttingen : Vandenhoeck & Ruprecht, 1988

Available copies

  • 1 of 1 copy available at Common Catalog SPOK.

Holds

  • 0 current holds with 1 total copy.
Show Only Available Copies
Location Call Number / Copy Notes Barcode Shelving Location Status Due Date
Terezin Initiative Institute 815 4594300815 Knihovna ITI Available -

LDR 02256nam a2200541 4500
00149567
003CZ-PrJAB
00520220831122147.0
008970820s1988 gw 000 0 ger d
035 . ‡a(DE-601)232723214
035 . ‡a(OCoLC)20183165
035 . ‡a(DE-599)GBV232723214
040 . ‡aGBVCP ‡bger ‡cGBVCP
0410 . ‡ager
1001 . ‡aKolb, Eberhard ‡4aut
24510. ‡aBergen-Belsen : ‡bvom "Aufenthaltslager" zum Konzentrationslager 1943 - 1945 / ‡cEberhard Kolb
250 . ‡a3., durchges. Aufl., Sonderausg. für die Niedersächs. Landeszentrale für Polit. Bildung
260 . ‡aGöttingen : ‡bVandenhoeck & Ruprecht, ‡c1988
300 . ‡a105 S., [6] Bl. : ‡bIll., graph. Darst., Kt.
4900 . ‡aSammlung Vandenhoeck
910 . ‡aABE340 ‡b815
995 . ‡aska
901 . ‡a49567 ‡bAUTOGEN ‡c49567 ‡tbiblio

Additional Resources